000 01918nam0a2200409 4500
001 RU\NLR\bibl\2020235
005 201401211431
010 _a978-5-904939-41-0
_9100
021 _aRU
_b2013-21143
_91492
035 _a(NLR Aleph) 002008502
035 _a(nilc)RuMoRGB-006552275
090 _a4442724
_c4442724
100 _a20130325d2013 k||y0rusy50 ca
101 0 _arus
102 _aRU
105 _aa |||||||||
200 1 _aБиотехнология получения и исследование свойств новых сорбционных материалов и стимуляторов роста растений
_eмонография
_fЕ. С. Романенко, Е.В. Пашкова, А.Н. Шипуля [и др.]
_gМ-во сел. хоз-ва Рос. Федерации, ФГБОУ ВПО "Ставроп. гос. аграр. ун-т"
210 _aСтаврополь
_cПараграф
_d2013
215 _a223 с.
_cил.
_d20
320 _aБиблиогр.: с. 208-221
606 1 _aСтимуляторы роста растений
_xПрименение в растениеводстве
_2nlr_sh1
_2nlr_sh2
_3RU\NLR\AUTH\66193646
606 1 _aСтимуляторы роста растений
_xПроизводство
_xБиотехнологические процессы
_2nlr_sh2
_3RU\NLR\AUTH\6601541827
606 1 _aСорбенты
_xПроизводство
_xБиотехнологические процессы
_2nlr_sh2
_3RU\NLR\AUTH\6601541828
686 1 _aЛ293
686 1 _aЛ337
686 1 _aП049.2
701 1 _aРоманенко
_bЕ. С.
701 1 _aПашкова
_bЕ. В.
701 1 _aШипуля
_bА. Н.
801 0 _aRU
_bRuMoRKP
_c20130325
_gRCR
801 1 _aRU
_bRuMoRKP
_c20130325
_2rusmarc
801 2 _aRU
_bРГБ
_c20130408
_grcr
801 2 _aRU
_bNLR
_c20130408
_grcr
942 _cBOOK
980 _aNBR
980 _aNB